15 deutsche Erfindungen, die jeder kennen sollte đŸ§ đŸ‡©đŸ‡Ș - Statistiken

Allgemein
  • Dieses Quiz wurde 109 mal gespielt
  • Das Durchschnittsergebnis liegt bei 2 aus 15
Antwortstatistiken
Nummer Antwort % Korrekt
2 Auto
97%
1 Buchdruck
39%
8 GlĂŒhbirne (industriell durch Siemens verbessert)
25%
7 Computer (Zuse Z3)
23%
6 Fernseher
17%
11 Röntgenstrahlung
16%
3 Aspirin
5%
5 MP3
5%
10 DĂŒsenflugzeug
2%
9 Fanta
1%
4 Raketenantrieb
1%
12 Kontaktlinsen
0%
13 Lochkarte (fĂŒr Datenverarbeitung)
0%
14 Quarz-Uhr
0%
15 Thermosflasche
0%
Keine ĂŒbereinstimmenden Quizze gefunden
Verteilung der Resultate
Anzahl Personen mit jedem Resultat
Perzentil nach korrekt beantworteten Fragen
Ihre Resultats-Entwicklung
Sie haben dieses Quiz noch nicht gespielt